000 00971nas a2200325 4500
001 BR2013007285
003 BR-BrBNA
005 20231205122931.0
007 ta
008 230509b bl.|||p| |||| 00| 00por d
040 _aBR-BrBNA
_bpor
_cBiblioteca Nacional de Agricultura
041 _a(En)
072 _aL53
100 1 _aBlashi, W.
100 1 _aAndrade, E.R.
100 1 _aGarcia, J.E.
100 1 _aVilas-Boas, L.A.
100 1 _aMoreira, F.B.
100 1 _aBarreiros, T.R.R.
100 1 _aAlfieri, A.F.
100 1 _aAlfieri, A.A.
100 1 _aSeneda, M.M.
245 1 _aEffect of indole acetic acid on the in vitro activation and survival of bovine (Bos indicus)peantral follicles
650 _aBOVINO
650 _aOVARIO
650 _aACIDO INDOLACETICO
773 0 _tAnimal Reproduction (Brazil)
_xISSN 1806-9614
_g(Oct-Dec 2010), v. 7(4) p. 389-397
_wBR2013007285
909 _a202311
_bLúcia
_c55
_dLúcia Elande
942 _2AGRIS
_n0
_cANA
999 _c231335
_d231335